Wake Forest Football: Top 10 All-Time Leaders - Statistics

General Stats
  • This quiz has been taken 6 times
  • The average score is 21 of 59
Answer Stats
Category # Player Amount % Correct
Passing Yards 1 Sam Hartman 12,967
83%
Interceptions 1 Alphonso Smith 21
50%
Passing Yards 4 John Wolford 8,794
50%
Passing Yards 9 Rusty LaRue 5,016
50%
Tackles 10 Aaron Curry 332
33%
Interceptions T2 A.J. Greene 17
33%
Receiving Yards 4 A.T. Perry 2,662
33%
Tackles 4 Bill Armstrong 402
33%
Interceptions T7 Billy Ray Barnes 11
33%
Sacks 5 Boogie Basham 20.5
33%
Passing Yards 5 Brian Kuklick 8,017
33%
Sacks 6 Bryan Ray 19.0
33%
Rushing Yards 7 Cade Carney 2,446
33%
Sacks 2 Calvin Pace 29.0
33%
Tackles 2 Carlos Bradley 431
33%
Rushing Yards 1 Chris Barclay 4,032
33%
Receiving Yards 6 Chris Givens 2,473
33%
Receiving Yards 3 Desmond Clark 2,834
33%
Sacks 4 Duke Ejiofor 23.5
33%
Tackles 1 Ed Stetz 460
33%
Tackles 6 Ernie Purnsley 395
33%
Sacks T9 Fred Robbins 15.0
33%
Passing Yards 7 Gary Schofield 7,205
33%
Interceptions T5 George Coghill 12
33%
Rushing Yards 2 James McDougald 3,811
33%
Sacks T9 James Parker 15.0
33%
Interceptions 4 James Royster 13
33%
Receiving Yards 8 Jammie Deese 2,348
33%
Receiving Yards 10 Jaquarii Roberson 2,158
33%
Sacks 3 Jasheen Davis 25.5
33%
Passing Yards 8 Jay Venuto 5,056
33%
Tackles 9 Jimmie Simmons 346
33%
Interceptions T7 Joe Carazo 11
33%
Rushing Yards 9 John Leach 2,246
33%
Interceptions T5 Josh Gattis 12
33%
Rushing Yards 10 Josh Harris 2,230
33%
Passing Yards 10 Keith West 4,748
33%
Tackles 5 Kelvin Moses 399
33%
Tackles 3 Kevin Giles 403
33%
Rushing Yards 6 Matt Colburn 2,528
33%
Receiving Yards 5 Michael Campanaro 2,506
33%
Sacks 1 Michael McCrary 30.0
33%
Rushing Yards 3 Michael Ramseur 3,325
33%
Passing Yards 6 Mike Elkins 7,304
33%
Rushing Yards 5 Morgan Kane 2,550
33%
Sacks 7 Nikita Whitlock 18.5
33%
Tackles 7 Reggie McCummings 374
33%
Receiving Yards 2 Ricky Proehl 2,949
33%
Passing Yards 2 Riley Skinner 9,762
33%
Sacks 8 Rondell Bothroyd 16.5
33%
Interceptions T2 Ronnie Burgess 17
33%
Tackles 8 Ryan Smenda Jr. 355
33%
Passing Yards 3 Tanner Price 8,899
33%
Rushing Yards 4 Tarence Williams 2,581
33%
Receiving Yards 1 Taylor Morin 2,974
33%
Interceptions 9 Terry Kuharchek 10
33%
Receiving Yards 9 Todd Dixon 2,300
33%
Rushing Yards 8 Topper Clemons 2,379
33%
Receiving Yards 7 Wayne Baumgardner 2,431
33%
No matching quizzes found
Score Distribution
Percent of People with Each Score
Percentile by Number Answered
Your Score History
You have not taken this quiz